00429pab a2200145 454500008004000000100002000040245007600060260000900136300001500145362000800160650003800168650003400206650001800240773002500258180718b2005 xxu||||| |||| 00| 0 eng d aHero, Rodney E. aCrossroads of equality: race/ethnicity and cities in American democracy c2005 ap.695-705. aJul aUrban development - United States aEthnic groups - United States aEthnic groups aUrban Affairs Review